000 00914nam a22003490a 4500
001 UByD000683
003 AR-LpoUNG
005 20220626122133.0
008 220625s2019||||ag |||||||||||||||||spa d
020 _a9789874729026
040 _aAR-LpoUNG
_bspa
_cAR-LpoUNG
_eaacr
041 _aspa
044 _aag
082 0 _a808.068 3 385edu
100 1 _aFerrer, Romina
245 1 0 _aEducando a Rolando
250 _a1ra. ed.
260 _aBuenos Aires :
_bChirimbote,
_c2019.
300 _a24 p. :
_bil.
505 0 _aSugerido a partir de 10 aƱos (etiqueta VIOLETA)
650 4 _aANALISIS DE GENERO
650 4 _aFEMINISMO
650 4 _aLITERATURA
650 4 _aROLES DE LOS GENEROS
650 4 _aSEXUALIDAD
653 _aDIVERSIDAD SEXUAL
653 _aLITERATURA INFANTIL
653 _aPERSPECTIVA DE GENERO
653 _aVIOLENCIA MACHISTA
905 _a62346
942 _cLIB
_2ddc
999 _c63368
_d63368